सोनसाखळी व इतर कथा (Record no. 203515)
[ view plain ]
| 000 -LEADER | |
|---|---|
| fixed length control field | 00470nam a22001577a 4500 |
| 003 - CONTROL NUMBER IDENTIFIER | |
| control field | OSt |
| 005 - DATE AND TIME OF LATEST TRANSACTION | |
| control field | 20260429133504.0 |
| 008 - FIXED-LENGTH DATA ELEMENTS--GENERAL INFORMATION | |
| fixed length control field | 260429b |||||||| |||| 00| 0 eng d |
| 040 ## - CATALOGING SOURCE | |
| Transcribing agency | Donated |
| 082 ## - DEWEY DECIMAL CLASSIFICATION NUMBER | |
| Edition number | 1st |
| Classification number | 658/San |
| Item number | SBPIMD301 |
| 100 ## - MAIN ENTRY--PERSONAL NAME | |
| Personal name | साने गुरुजी |
| 9 (RLIN) | 2381 |
| 245 ## - TITLE STATEMENT | |
| Title | सोनसाखळी व इतर कथा |
| Medium | मराठी |
| 260 ## - PUBLICATION, DISTRIBUTION, ETC. | |
| Place of publication, distribution, etc. | Kolhapur |
| Name of publisher, distributor, etc. | Riya Publications |
| Date of publication, distribution, etc. | 2011 |
| 300 ## - PHYSICAL DESCRIPTION | |
| Extent | 208 |
| 942 ## - ADDED ENTRY ELEMENTS (KOHA) | |
| Source of classification or shelving scheme | Dewey Decimal Classification |
| Koha item type | Donated Book |
| Edition | 1st |
| Call number prefix | 658 |
| Call number suffix | San |
| Suppress in OPAC | No |
| Date last seen | Total Checkouts | Full call number | Barcode | Price effective from | Koha item type | Department | Lost status | Source of classification or shelving scheme | Damaged status | Not for loan | Withdrawn status | Home library | Current library | Shelving location | Date acquired | Cost, normal purchase price | Remarks | Net Amount | Language |
|---|---|---|---|---|---|---|---|---|---|---|---|---|---|---|---|---|---|---|---|
| 29/04/2026 | 658/San | SBPIMD301 | 29/04/2026 | Donated Book | Management | Dewey Decimal Classification | SBPIM | SBPIM | General Stacks | 27/04/2026 | 200.00 | Donated | 200 | MARATHI |